=LDR 00000nam 2200000 4500 =001 INLIS000000000009265 =005 20200316092747 =035 ##$$a 0010-061300000009265 =008 200316################g##########0#ind## =041 ##$$a Ind =082 ##$$a 231 =090 ##$$a 231, Var-a =100 ##$$a Vardy, Peter =245 1#$$a Allah para pendahulu kita : $b Tahukah kita apa yang kita percayai? /$c Peter Vardy =260 ##$$a Jakarta :$b Gunung Mulia,$c 1993 =300 ##$$a xvi, 142 hlm. ; $c 14 x 21 cm =650 #4$$a Allah =850 ##$$a NBPNMAT =020 ##$$a 979-415-686-8 =084 ##$$a 231 VAR a =250 ##$$a Cet. 2 =500 ##$$a Judul Asli : God of our father? Do we know what we believe =990 ##$$a DW00022332 =990 ##$$a DW00022333 =990 ##$$a 73.181/Pro.94 =990 ##$$a DW00022333 =990 ##$$a DW00022333 =990 ##$$a 73.181/Pro.94